<?xml version="1.0" encoding="UTF-8"?>
<collection xmlns="http://www.loc.gov/MARC21/slim">
 <record>
  <leader>01985nam a22002537a 4500</leader>
  <controlfield tag="001">NCT_4_016559</controlfield>
  <controlfield tag="008">250116b        xxu||||| |||| 00| 0 vie d</controlfield>
  <datafield tag="999" ind1=" " ind2=" ">
   <subfield code="c">8790</subfield>
   <subfield code="d">8790</subfield>
  </datafield>
  <datafield tag="020" ind1=" " ind2=" ">
   <subfield code="a">9786044065700</subfield>
   <subfield code="c">169000</subfield>
  </datafield>
  <datafield tag="082" ind1="0" ind2="4">
   <subfield code="2">23rd ed.</subfield>
   <subfield code="a">006.3</subfield>
   <subfield code="b">T877</subfield>
  </datafield>
  <datafield tag="100" ind1="1" ind2=" ">
   <subfield code="a">Tsipursky, Gleb</subfield>
  </datafield>
  <datafield tag="245" ind1="1" ind2="0">
   <subfield code="a">ChatGPT : </subfield>
   <subfield code="b">Ứng dụng trí tuệ nhân tạo trong công việc</subfield>
   <subfield code="c">Gleb Tsipursky ; Hạnh Dung (Dịch)</subfield>
  </datafield>
  <datafield tag="260" ind1=" " ind2=" ">
   <subfield code="a">H.</subfield>
   <subfield code="b">Dân trí ; Công ty Văn hoá và Truyền thông 1980 Books</subfield>
   <subfield code="c">2024</subfield>
  </datafield>
  <datafield tag="300" ind1=" " ind2=" ">
   <subfield code="a">299 tr.</subfield>
   <subfield code="b">Minh hoạ</subfield>
   <subfield code="c">19 cm</subfield>
  </datafield>
  <datafield tag="500" ind1=" " ind2=" ">
   <subfield code="a">Tên sách tiếng Anh: ChatGPT thought leaders and content creators : Unlocking the potential of generative AI for innovative and effective content creation</subfield>
  </datafield>
  <datafield tag="520" ind1="3" ind2=" ">
   <subfield code="a">Nội dung sách trình bày khái quát về Generative AI nói chung và ChatGPT nói riêng. Hướng dẫn sử dụng ChatGPT để tiến hành nghiên cứu những nội dung mang tính lãnh đạo tư tưởng, viết nội dung có độ dài trung bình và viết nội dung chuyên sâu dạng dài, tiếp thị những nội dung và vấn đề đạo đức khi sử dụng ChatGPT.</subfield>
  </datafield>
  <datafield tag="653" ind1=" " ind2=" ">
   <subfield code="a">Truyền thông đa phương tiện</subfield>
  </datafield>
  <datafield tag="700" ind1="0" ind2=" ">
   <subfield code="a">Hạnh Dung</subfield>
   <subfield code="e">Dịch</subfield>
  </datafield>
  <datafield tag="942" ind1=" " ind2=" ">
   <subfield code="2">ddc</subfield>
   <subfield code="c">BK</subfield>
  </datafield>
  <datafield tag="952" ind1=" " ind2=" ">
   <subfield code="0">0</subfield>
   <subfield code="1">0</subfield>
   <subfield code="2">ddc</subfield>
   <subfield code="4">0</subfield>
   <subfield code="6">006_300000000000000_T877</subfield>
   <subfield code="7">0</subfield>
   <subfield code="9">30224</subfield>
   <subfield code="a">000001</subfield>
   <subfield code="b">000001</subfield>
   <subfield code="d">2025-01-20</subfield>
   <subfield code="o">006.3 T877</subfield>
   <subfield code="p">MD.23502</subfield>
   <subfield code="r">2025-01-20</subfield>
   <subfield code="v">169000.00</subfield>
   <subfield code="w">2025-01-20</subfield>
   <subfield code="y">BK</subfield>
  </datafield>
  <datafield tag="952" ind1=" " ind2=" ">
   <subfield code="0">0</subfield>
   <subfield code="1">0</subfield>
   <subfield code="2">ddc</subfield>
   <subfield code="4">0</subfield>
   <subfield code="6">006_300000000000000_T877</subfield>
   <subfield code="7">0</subfield>
   <subfield code="9">30225</subfield>
   <subfield code="a">000001</subfield>
   <subfield code="b">000001</subfield>
   <subfield code="d">2025-01-20</subfield>
   <subfield code="o">006.3 T877</subfield>
   <subfield code="p">MD.23503</subfield>
   <subfield code="r">2025-01-20</subfield>
   <subfield code="v">169000.00</subfield>
   <subfield code="w">2025-01-20</subfield>
   <subfield code="y">BK</subfield>
  </datafield>
  <datafield tag="952" ind1=" " ind2=" ">
   <subfield code="0">0</subfield>
   <subfield code="1">0</subfield>
   <subfield code="2">ddc</subfield>
   <subfield code="4">0</subfield>
   <subfield code="6">006_300000000000000_T877</subfield>
   <subfield code="7">0</subfield>
   <subfield code="9">30226</subfield>
   <subfield code="a">000001</subfield>
   <subfield code="b">000001</subfield>
   <subfield code="d">2025-01-20</subfield>
   <subfield code="o">006.3 T877</subfield>
   <subfield code="p">MD.23504</subfield>
   <subfield code="r">2025-01-20</subfield>
   <subfield code="v">169000.00</subfield>
   <subfield code="w">2025-01-20</subfield>
   <subfield code="y">BK</subfield>
  </datafield>
  <datafield tag="952" ind1=" " ind2=" ">
   <subfield code="0">0</subfield>
   <subfield code="1">0</subfield>
   <subfield code="2">ddc</subfield>
   <subfield code="4">0</subfield>
   <subfield code="6">006_300000000000000_T877</subfield>
   <subfield code="7">0</subfield>
   <subfield code="9">30227</subfield>
   <subfield code="a">000001</subfield>
   <subfield code="b">000001</subfield>
   <subfield code="d">2025-01-20</subfield>
   <subfield code="o">006.3 T877</subfield>
   <subfield code="p">MD.23505</subfield>
   <subfield code="r">2025-01-20</subfield>
   <subfield code="v">169000.00</subfield>
   <subfield code="w">2025-01-20</subfield>
   <subfield code="y">BK</subfield>
  </datafield>
  <datafield tag="980" ind1=" " ind2=" ">
   <subfield code="a">Thư viện Trường Đại học Nam Cần Thơ</subfield>
  </datafield>
 </record>
</collection>
<br />
<b>Notice</b>:  fwrite(): write of 437 bytes failed with errno=28 No space left on device in <b>C:\vufind\module\VuFind\src\VuFind\Session\File.php</b> on line <b>152</b><br />
Cannot write session to C:\Windows\TEMP\vufind_sessions/sess_ai79sr1vrs0frikoqvt7p09l6j
<br />
<b>Warning</b>:  session_write_close(): Failed to write session data using user defined save handler. (session.save_path: \xampp\tmp) in <b>C:\vufind\vendor\laminas\laminas-session\src\SessionManager.php</b> on line <b>235</b><br />
